000 00755cam a22002054a 4500
005 20250605164203.0
008 250528s ||||||||||||||||||||||||d
035 _a19816
020 _a9608543940
040 _aGR-AtMCL
_bgre
_dGR-AtMCL
_eAACR2
245 1 _aΕισαγωγή στις Πιθανότητες και τη Στατιστική Συμπερασματολογία
260 _c1995
300 _a130
520 _aΠρόλογος, Πιθανότητες, Ειδικές Κατανομές Πιθανοτήτων, Εκτιμητική, Έλεγχοι Υποθέσεων, Βιβλιογραφία.
700 1 _aΞεκαλάκη Ε
_95993
700 1 _aΠανάρετος Ι
_95994
942 _cBK
999 _c5063
_d5063